| 000 | 00470cam a2200193ua 4500 | ||
|---|---|---|---|
| 041 |
_aeng _h |
||
| 082 |
_a596 _bPAR/TE |
||
| 100 | _aParker, Jeffery T. | ||
| 245 |
_aText book of zoology, Vol 2 / _cJeffery T Parker. _hTextual Documents |
||
| 250 |
_a7 / _b. |
||
| 260 |
_aLondon : _bMcMillon & Co Ltd , _c1963. |
||
| 300 | _a952 ; . | ||
| 362 | 0 | _aVol 2- | |
| 504 | _a | ||
| 650 | _aZoology | ||
| 700 | 1 | _aHaswell, William A. | |
| 942 | _cBK | ||
| 999 |
_c234 _d234 |
||